000 00505nam a2200205Ia 4500
008 210210b1951 xxu||||| |||| 00| 0 eng d
041 _aeng
082 _a070/77
100 _aINDIA (Government of)
245 _aCareer in the Armed Forces
260 _aNew Delhi
_bMinistry of Information & Broadcasting Govt Of India.,
_c1951
300 _a87
650 _athe
650 _ain
650 _aForces
650 _aCareer
650 _aArmed
690 _aCareer & Counselling
906 _a000595
999 _c77109
_d77109